000 00631nam a2200205Ia 4500
008 160319s9999 xx 000 0 und d
020 _a9789710324958 
050 _a641.5
050 _bM685
245 _aSarap ng luto ni nanay :
245 _b masasarap na mga putaheng manok, baboy, baka, isda, alimasag, hipon, sopas, gulay, ensalada at panghimagas /
260 _aQuezon City :
260 _bAmos Books Inc.,
260 _c1985
300 _a135 p. :
300 _billustrations ;
300 _c27 cm.
650 _aCooking, Philippine
700 _aMmm ... Wow! Ang sarap ng luto ni nanay, alternative title
999 _c292152
_d292152